00498nam a2200169 a 450000100060000000300090000600800410001504000280005608200180008410000300010224500840013226000210021630000090023765000220024665000230026865000370029123114CO-ViMGA141112s2004 ck r 000 u spa d aCO-ViMGAbspacCO-ViMGA04a634.773 V174c1 aVargas Sanchez, Jose Ever10aCartilla ilustrada del platano : bControl y manejo de problemas fitosanitarios aColombia : bIca a47p.14aBANANOS - CULTIVO14aPLATANO - CULTIVO 14aPLATANO - ENFERMEDADES Y PLAGAS